| 000 | 00429nam a22001457a 4500 | ||
|---|---|---|---|
| 082 |
_a327.1 _bNIX _cL-30-II, P-167 |
||
| 100 |
_aNixon Richard _937782 |
||
| 245 |
_a1999 VICTORY WITHOUT WAR _cRichard Nixon |
||
| 260 |
_aGreat Britain, London _bSidgwick & Jackson Limited _c1988 |
||
| 300 | _axi, 336P.: | ||
| 526 |
_a0 _b0 _c0 _d327_100000000000000_NIX |
||
| 650 |
_aNUST _96342 |
||
| 700 |
_aNIXON RICHARD _937783 |
||
| 942 |
_2ddc _cBK |
||
| 999 |
_c542568 _d542568 |
||